Biblioteca

En camino a una nueva comunidad (Registro nro. 52056)

Detalles MARC
000 -LÍDER
Campo fijo de descripción fija 01169aab a2200205 i 4500
001 - NÚMERO DE CONTROL
Campo de control 768714001
003 - IDENTIFICADOR DEL NÚMERO DE CONTROL
Campo de control CO-MdFUSB
005 - FECHA Y HORA DE LA ULTIMA TRANSACCIÓN
control field 20250804124234.0
008 - ELEMENTOS DE LONGITUD FIJA -- INFORMACIÓN GENERAL
Campo fijo de descripción fija -- Información general 220908s1994 ag ||||| |||| 00| 0 spa d
040 ## - FUENTE DE CATALOGACIÓN
Idioma de catalogación spa
Agencia que realiza la transcripción CO-MdFUSB
041 ## - CÓDIGO DE IDIOMA
Código de idioma para texto/pista de sonido o título separado spa
110 ## - ASIENTO PRINCIPAL--NOMBRE CORPORATIVO
Nombre corporativo o de jurisdicción como elemento de entrada Sojourners,
245 10 - TÍTULO
Título En camino a una nueva comunidad
Mención de responsabilidad / Sojourners
300 ## - DESCRIPCIÓN FÍSICA
Extensión Vol. 13, Num 2 (Abril-Junio, 1994), Páginas 12 - 14
Dimensiones ; 23 cm
520 ## - NOTA DE RESUMEN, ETC.
Nota de sumario, etc. Por todas partes encontramos discípulas de Cristo que anhelan profundizar su experiencia de una vida en comunidad. Esta necesidad de compartir el peregrinaje espiritual con otros es coherente con nuestra fe, en cuyo centro está el modelo de Jesús, quien reunió a discípulos que participaron con él en su misión.<br/>Lo cierto es que la oracion, el estudio bíblico, el análisis social y la acción son ingredientes que nutren la vida comunitaria y ayudan a todo cristiano a compartir con otros el peregrinaje en el camino de fidelidad a Dios.
650 #0 - ASIENTO SECUNDARIO DE MATERIA - TERMINO TEMÁTICO
9 (RLIN) 19
Término temático o nombre geográfico como elemento de entrada Vida cristiana
773 0# - ASIENTO DE ITEM FUENTE
Título Iglesia y Misión
Biblionumber 49402
Itemnumber 59647
Parte(s) relacionada(s) / Volumen., número. (mes año), páginas Volumen 13, número 2 (abril - junio, 1994), páginas: 12 - 14
Enumeración y primera página página: 12
942 ## - TIPO DE MATERIAL (KOHA)
Tipo de Item KOHA Artículos de Revista
945 ## - INFORMACIÓN LOCAL DEL REGISTRO
Catalogador JTF-925
Existencias
Expurgo - (Retirado) Estado de Perdido Estado de Dañado No prestable Colección Ubicación habitual Ubicación actual Fecha de Adquisición Signatura Topográfica Tipo de Material
        Colección de Hemeroteca Biblioteca FUSBC Biblioteca FUSBC 26/01/2016 Artículos de Revista

Biblioteca FUSBC | Teléfono: (57+4) 349 88 10 Ext. 141| WhatsApp (+57) 3005338115 
E-mail: biblioteca@unisbc.edu.co | Calle 76 87-14 Robledo Palenque, Medellín, Colombia

Con tecnología Koha